banner-ar

MACMILLAN DICTIONARY OF ENERGY, 2 nd. ed / (Record no. 20565)

MARC details
000 -الفاتح
حقل البيانات ثابتة الطول 00437nam a2200169Ia 4500
008 - عناصر البيانات ثابتة الطول - معلومات عامة
حقل البيانات ثابتة الطول 140319s9999 xx 000 0 eng d
040 ## - مصدر الفهرسة
وكالة الفهرسة الأصلية GCL /
وكالة النسخ GCL
082 04 - رقم تصنيف ديوى العشرى
رقم التصنيف Ref
رقم المادة 333.79
-- M
100 1# - المدخل الرئيسى - إسم شخصى
الإسم الشخصى SLESSER, MALCOLM
245 10 - بيان العنوان
العنوان MACMILLAN DICTIONARY OF ENERGY, 2 nd. ed /
بيان المسئوليه,etc SLESSER, MALCOLM
260 ## - PUBLICATION, DISTRIBUTION, ETC. (IMPRINT)
تاريخ النشر أو التوزيع 1900
300 ## - الوصف المادى
التعداد 300 P
650 04 - المدخل الاضافى بالموضوع-مصطلح موضوعى
مصطلح موضوعي MEASUREMENT
650 04 - المدخل الاضافى بالموضوع-مصطلح موضوعى
مصطلح موضوعي ENERGY
942 ## - عناصر المدخل الإضافي( كوها)
مصدر التصنيف او مخطط الترفيف Dewey Decimal Classification
Koha [default] item type كتاب
260 ## - PUBLICATION, DISTRIBUTION, ETC. (IMPRINT)
-- [S.N] :
-- MACDONALD ،
Holdings
حالة التراجع حالة الفقد حالة تلف ليس للاعارة المكان المؤقت الموقع الحالى تاريخ الاكتساب اجمالي اﻻعارات رقم الطلب الباركود تاريخ اخر مشاهدة تاريخ تفعيل السعر نوع وعاء كوها
        مكتبة القاهرة الكبرى مكتبة القاهرة الكبرى 03/26/2014   Ref\333.79\ M 38496 03/26/2014 03/26/2014 كتاب
        مكتبة القاهرة الكبرى مكتبة القاهرة الكبرى 03/26/2014   Ref\333.79\ M 38497 03/26/2014 03/26/2014 كتاب

Powered By

EGPV